书目信息 |
| 题名: |
英语语法精华
|
|
| 作者: | 陈永明 , 王文怀 编著 | |
| 分册: | ||
| 出版信息: | 上海 同济大学出版社 2004.08 |
|
| 页数: | 309页 | |
| 开本: | 20cm | |
| 丛书名: | ||
| 单 册: | ||
| 中图分类: | H314 | |
| 科图分类: | ||
| 主题词: | 英语--ying yu--语法 | |
| 电子资源: | ||
| ISBN: | 7-5608-2860-4 | |
| 000 | 00931nam0 2200265 450 | |
| 001 | 012009446203 | |
| 005 | 20090919102530.06 | |
| 010 | @a7-5608-2860-4@dCNY19.80 | |
| 100 | @a20090919d2004 em y0chiy0120 ea | |
| 101 | 0 | @achi@aeng |
| 102 | @aCN@b310000 | |
| 105 | @ay z 000yy | |
| 106 | @ar | |
| 200 | 1 | @a英语语法精华@Aying yu yu fa jing hua@d= Essence of English grammar@f陈永明, 王文怀编著@Fchen yong ming,wang wen huai bian zhu@zeng |
| 205 | @a第2版 | |
| 210 | @a上海@c同济大学出版社@d2004.08 | |
| 215 | @a309页@d20cm | |
| 330 | @a本书是一本有关英语语法的书籍,其中包括:时态和语态、从句、非谓语动词、情感动词、虚拟语气、几种常见的结构、几种常见的句型等。 | |
| 510 | 1 | @aEssence of English grammar@zeng |
| 606 | 0 | @a英语@Aying yu@x语法 |
| 690 | @aH314@v4 | |
| 701 | 0 | @a陈永明@Achen yong ming@4编著 |
| 701 | 0 | @a王文怀@Awang wen huai@4编著 |
| 801 | 0 | @aCN@bQSSK@c20090919 |
| 905 | @b756613-17@dH314@eC624@f5 | |
| 英语语法精华= Essence of English grammar/陈永明, 王文怀编著.-第2版.-上海:同济大学出版社,2004.08 |
| 309页;20cm |
| ISBN 7-5608-2860-4:CNY19.80 |
| 本书是一本有关英语语法的书籍,其中包括:时态和语态、从句、非谓语动词、情感动词、虚拟语气、几种常见的结构、几种常见的句型等。 |
| ● |
| 相关链接 |
|
|
|
正题名:英语语法精华
索取号:H314/C624
 
预约/预借
| 序号 | 登录号 | 条形码 | 馆藏地/架位号 | 状态 | 备注 |
| 1 | 756613 | 207566132 | 语言库209/209语言库 34排6列5层/ [索取号:H314/C624] | 在馆 | |
| 2 | 756614 | 207566141 | 语言库209/209语言库 34排6列5层/ [索取号:H314/C624] | 在馆 | |
| 3 | 756615 | 207566150 | 语言库209/209语言库 34排6列5层/ [索取号:H314/C624] | 在馆 | |
| 4 | 756616 | 207566169 | 语言库209/209语言库 34排6列5层/ [索取号:H314/C624] | 在馆 | |
| 5 | 756617 | 207566178 | 语言库209/209语言库 34排6列5层/ [索取号:H314/C624] | 在馆 |